Introduction to Financial Sanctions Against Member States for Infringements of European Union Law

Dokument skúma konanie EÚ o nesplnení povinnosti, pričom sa zameriava najmä na uplatňovanie článku 260 ZFEÚ, ktorý umožňuje ukladanie finančných sankcií členským štátom. Analyzuje účinnosť presadzovania dodržiavania práva EÚ prostredníctvom finančných sankcií a zdôrazňuje ich praktické obmedzenia. N...

Ausführliche Beschreibung

Gespeichert in:
Bibliographische Detailangaben
1. Verfasser: Bocková, Lucia, 1978-
Format: Buchkapitel
Sprache:Englisch
Schlagworte:
Tags: Tag hinzufügen
Keine Tags, Fügen Sie das erste Tag hinzu!

MARC

LEADER 00000naa$a2200000$$$4500
001 0314442
005 20260123124703.1
041 0 |a eng 
044 |a SK 
245 1 0 |a Introduction to Financial Sanctions Against Member States for Infringements of European Union Law  |c Lucia Bocková 
520 |a Dokument skúma konanie EÚ o nesplnení povinnosti, pričom sa zameriava najmä na uplatňovanie článku 260 ZFEÚ, ktorý umožňuje ukladanie finančných sankcií členským štátom. Analyzuje účinnosť presadzovania dodržiavania práva EÚ prostredníctvom finančných sankcií a zdôrazňuje ich praktické obmedzenia. Napriek týmto výzvam dokument dospel k záveru, že článok 260 ZFEÚ zostáva kľúčovým nástrojom na zabezpečenie dodržiavania práva medzi členskými štátmi. 
610 2 0 |a právo 
610 2 0 |a Európska únia 
610 2 0 |a obchod medzinárodný 
610 2 0 |a financie 
610 2 0 |a politika zahraničná 
610 2 0 |a porovnanie medzinárodné 
100 1 |a Bocková, Lucia, 1978-